Radiation chemistry of aqueous systems : proceedings of the symposium, Israel, 27 - 29 December, 1967 /
Uloženo v:
| Další autoři: | |
|---|---|
| Médium: | Kniha |
| Jazyk: | angličtina |
| Vydáno: |
Jerusalem :
Weizmann Science Press of Israel,
1968
|
| Vydání: | [1st ed.] |
| Témata: | |
| On-line přístup: |
|
| Tagy: |
Přidat tag
Žádné tagy, Buďte první, kdo vytvoří štítek k tomuto záznamu!
|
MARC
| LEADER | 00000cam a2200000 4500 | ||
|---|---|---|---|
| 003 | SK-BrCVT | ||
| 005 | 20220621170212.0 | ||
| 008 | 081029s1968 is e ||||||eng d | ||
| 035 | |a CVTIDW1465054 | ||
| 040 | |b slo |a CVTI SR |e AACR2 | ||
| 041 | 0 | |a eng | |
| 044 | |a is | ||
| 080 | |a 544.54 |2 UDC-MRF | ||
| 245 | 1 | 0 | |a Radiation chemistry of aqueous systems : |b proceedings of the symposium, Israel, 27 - 29 December, 1967 / |c Edited by: Gabriel Stein |
| 250 | |a [1st ed.] | ||
| 260 | |a Jerusalem : |b Weizmann Science Press of Israel, |c 1968 | ||
| 300 | |a 6, 306 s. | ||
| 653 | 1 | |a radiačná chémia |a vodný systém | |
| 700 | 1 | |a Stein, Gabriel |4 edt | |
| 910 | |b A258906 | ||
| 974 | |f Knihy | ||
| 992 | |a AZN | ||
| 999 | |c 179144 |d 179144 | ||